000 00765cab a2200265 4500
001 ABS48534
008 090401t1993 xxu||||| |||| 00| 0 eng d
035 _a(Sirsi) u67271
041 _aeng
100 _aVickery, A.B.
245 _aConstruction management - intractable problems?
260 _c1993
350 _a0
490 _aConstruction Law Journal
_v9(2) 1993, 87-95(9)
520 _aDiscusses contractual problems which may arise out of construction management.
650 _aCLAIMS
650 _aCONSTRUCTION MANAGEMENT
_96230
650 _aCONSTRUCTION PROCUREMENT
650 _aDELAY
650 _aProcurement-old
650 _aPROGRAMMING
690 _aBUILT ENVIRONMENT-BUILDING CONTRACT FORMS
942 _n0
948 _c04/03/1997
999 _c42099
_d42099